000
00314nam a2200133Ia 4500
005
20260328101440.0
008
260328s9999||||xx |||||||||||||| ||und||
100
_a
Pignatti, Terisio
245
4
_a
The Age of Rococo /
_c
Terisio Pignatti
260
_b
Paul Hamlyn
300
_a
157 p.
650
_a
ARTE
942
_c
BK
999
_c
8251
_d
8251